00000000nam 2200000zi 4500
0019.944553
003CaOODSP
00520250131145518
006m     o  d f      
007cr mn|||||||||
008241028e202411##oncab   ob   f000 0 eng d
020 |a9780660742113
040 |aCaOODSP|beng|erda|cCaOODSP
043 |an-cn-nf|aln-----
046 |ax6y2
0861 |aFs70-6/2024-064E-PDF
24500|aAssessment of Atlantic herring in NAFO Division 3KLPs to 2021.
24617|aAtlantic herring in Div. 3KLPs to 2021
264 1|a[Ottawa] : |bCanadian Science Advisory Secretariat, |cNovember 2024.
264 4|c©2024
300 |a1 online resource (19 pages) : |billustrations (chiefly colour), colour maps.
336 |atext|btxt|2rdacontent
337 |acomputer|bc|2rdamedia
338 |aonline resource|bcr|2rdacarrier
4901 |aScience advisory report, |x1919-5087 ; |v2024/064
500 |aIssued also in French under title: Évaluation du hareng de l'Atlantique dans les divisions 3KLPs de l'OPANO jusqu'en 2021.
500 |aTitle from caption.
504 |aIncludes bibliographical references (pages 18-19).
650 0|aAtlantic herring|zNewfoundland and Labrador|zAtlantic Coast.
650 0|aAtlantic herring fisheries|zNewfoundland and Labrador|zAtlantic Coast.
650 0|aFish stock assessment|zNewfoundland and Labrador|zAtlantic Coast.
7102 |aCanadian Science Advisory Secretariat, |eissuing body.
7101 |aCanada. |bDepartment of Fisheries and Oceans. |bNewfoundland and Labrador Region, |eissuing body.
77508|tÉvaluation du hareng de l'Atlantique dans les divisions 3KLPs de l'OPANO jusqu'en 2021.|w(CaOODSP)9.944554
830#0|aScience advisory report (Canadian Science Advisory Secretariat)|v2024/064.|w(CaOODSP)9.506226
85640|qPDF|s1.29 MB|uhttps://publications.gc.ca/collections/collection_2025/mpo-dfo/fs70-6/Fs70-6-2024-064-eng.pdf